000 01105nam a2200205Ia 4500
003 GCL
005 20240530103123.0
008 140319s9999 xx 000 0 ara d
040 _aGCL /
_cGCL
082 0 4 _a953.07393
_bا س
100 1 _aابوالفرج الاصفهانى: على بن الحسين بن محمد بن الهيثم عبدالرحمن بن مروان البغدادى
245 1 0 _aسنا البرق الشامى : 562 هـ 1166م : 583 هـ 1187م :
_b اختصار الفتح بن على البندارى من كتاب البرق الشامى للعماد الكاتب الاصفهانى /
_cابوالفرج الاصفهانى: على بن الحسين بن محمد بن الهيثم عبدالرحمن بن مروان البغدادى
260 _aالقاهرة :
_bمكتبة الخانجى ،
_c1979
300 _a374 ص؛
_c24 سم
650 0 4 _aالحروب الصليبية
650 0 4 _aالتاريخ الاسلامى
700 1 _aالبندارى الاصفهانى، الفتح بن على
700 1 _aفتحية النبراوى
_eتحقيق
942 _2ddc
_cBK
999 _c36973
_d36973